000
00301nam a2200133Ia 4500
008
191201s2012 xx 000 0 und d
082
_a
658.87
_b
BAR
100
_a
BAJAJ, Chetan
245
0
_a
Retail Management
260
_a
N. Delhi
_b
Oxford
_c
2012
300
_a
772
650
_a
BBA
942
_2
ddc
_c
BK
999
_c
5946
_d
5946